<?xml version="1.0" encoding="UTF-8"?>
<record
    xmlns:xsi="http://www.w3.org/2001/XMLSchema-instance"
    xsi:schemaLocation="http://www.loc.gov/MARC21/slim http://www.loc.gov/standards/marcxml/schema/MARC21slim.xsd"
    xmlns="http://www.loc.gov/MARC21/slim">

  <leader>01049nam a22002297a 4500</leader>
  <controlfield tag="005">20251125122309.0</controlfield>
  <datafield tag="010" ind1=" " ind2=" ">
    <subfield code="a">HIN-130058</subfield>
  </datafield>
  <datafield tag="020" ind1=" " ind2=" ">
    <subfield code="a">9788197064791</subfield>
    <subfield code="c">1000.00</subfield>
  </datafield>
  <datafield tag="035" ind1=" " ind2=" ">
    <subfield code="a">HN-102404</subfield>
  </datafield>
  <datafield tag="037" ind1=" " ind2=" ">
    <subfield code="b">DBAD</subfield>
  </datafield>
  <datafield tag="082" ind1=" " ind2=" ">
    <subfield code="a">581.7</subfield>
  </datafield>
  <datafield tag="100" ind1=" " ind2=" ">
    <subfield code="a">&#x92A;&#x935;&#x93E;&#x930; &#x938;&#x93F;&#x902;&#x939; ,&#x917;&#x93F;&#x930;&#x93F;&#x930;&#x93E;&#x91C; </subfield>
    <subfield code="9">85754</subfield>
  </datafield>
  <datafield tag="245" ind1=" " ind2=" ">
    <subfield code="a">&#x909;&#x924;&#x930; &#x92A;&#x936;&#x94D;&#x91A;&#x93F;&#x92E;&#x940; &#x939;&#x93F;&#x92E;&#x93E;&#x932;&#x92F; &#x915;&#x940; &#x938;&#x902;&#x915;&#x91F;&#x917;&#x94D;&#x930;&#x938;&#x94D;&#x924; &#x92A;&#x94D;&#x930;&#x91C;&#x93E;&#x924;&#x93F;&#x92F;&#x94B;&#x902; &#x915;&#x93E; &#x938;&#x902;&#x930;&#x915;&#x94D;&#x937;&#x923; &#x90F;&#x935;&#x902; &#x92A;&#x94D;&#x930;&#x935;&#x930;&#x94D;&#x927;&#x928;    / </subfield>
    <subfield code="b">&#x917;&#x93F;&#x930;&#x93F;&#x930;&#x93E;&#x91C; &#x938;&#x93F;&#x902;&#x939; &#x92A;&#x935;&#x93E;&#x930;, &#x92A;&#x941;&#x928;&#x940;&#x924; &#x915;&#x941;&#x92E;&#x93E;&#x930; ,&#x90F;&#x938; &#x90F;&#x938; &#x926;&#x93E;&#x938; &#x90F;&#x935;&#x902; &#x90F; &#x90F; &#x92E;&#x93E;&#x913; </subfield>
  </datafield>
  <datafield tag="260" ind1=" " ind2=" ">
    <subfield code="a">&#x915;&#x94B;&#x932;&#x915;&#x93E;&#x924;&#x93E; </subfield>
  </datafield>
  <datafield tag="300" ind1=" " ind2=" ">
    <subfield code="a">56&#x92A;&#x943;.</subfield>
    <subfield code="c">24&#x938;&#x947;&#x92E;&#x940; (&#x905;&#x91C;&#x93F;&#x932;&#x94D;&#x926;)</subfield>
  </datafield>
  <datafield tag="490" ind1=" " ind2=" ">
    <subfield code="v">581.7</subfield>
  </datafield>
  <datafield tag="700" ind1=" " ind2=" ">
    <subfield code="a">&#x92A;&#x935;&#x93E;&#x930; &#x938;&#x93F;&#x902;&#x939;, &#x917;&#x93F;&#x930;&#x93F;&#x930;&#x93E;&#x91C; </subfield>
    <subfield code="9">83470</subfield>
  </datafield>
  <datafield tag="700" ind1=" " ind2=" ">
    <subfield code="a">&#x915;&#x941;&#x92E;&#x93E;&#x930;, &#x92A;&#x941;&#x928;&#x940;&#x924; </subfield>
    <subfield code="9">83471</subfield>
  </datafield>
  <datafield tag="700" ind1=" " ind2=" ">
    <subfield code="a">&#x926;&#x93E;&#x938;, &#x90F;&#x938; &#x90F;&#x938; </subfield>
    <subfield code="9">83472</subfield>
  </datafield>
  <datafield tag="700" ind1=" " ind2=" ">
    <subfield code="a">&#x92E;&#x93E;&#x913;, &#x90F; &#x90F; </subfield>
    <subfield code="9">83473</subfield>
  </datafield>
  <datafield tag="942" ind1=" " ind2=" ">
    <subfield code="2">ddc</subfield>
    <subfield code="c">HN</subfield>
    <subfield code="h">581.7</subfield>
    <subfield code="m">&#x92A;&#x935;&#x93E;&#x930; </subfield>
  </datafield>
  <datafield tag="999" ind1=" " ind2=" ">
    <subfield code="c">212714</subfield>
    <subfield code="d">212714</subfield>
  </datafield>
  <datafield tag="952" ind1=" " ind2=" ">
    <subfield code="0">0</subfield>
    <subfield code="1">0</subfield>
    <subfield code="4">0</subfield>
    <subfield code="7">1</subfield>
    <subfield code="8">NFIC</subfield>
    <subfield code="a">DBAD</subfield>
    <subfield code="b">DBAD</subfield>
    <subfield code="d">2025-07-29</subfield>
    <subfield code="e">DBAD</subfield>
    <subfield code="g">1000.00</subfield>
    <subfield code="l">0</subfield>
    <subfield code="o">581.7 &#x92A;&#x935;&#x93E;&#x930; </subfield>
    <subfield code="p">HN-102404</subfield>
    <subfield code="r">2025-07-29 00:00:00</subfield>
    <subfield code="t">1</subfield>
    <subfield code="v">1000.00</subfield>
    <subfield code="w">2025-07-29</subfield>
    <subfield code="y">HN</subfield>
  </datafield>
</record>
